000 00849nam a2200265 i 4500
001 72167
003 ES-MaACL
005 20240530130158.0
007 t|
008 040826s1985 sp ||||1| spa d
020 _a84-306-2157-1
100 1 _aGilman, Stephen.
_956997
245 1 0 _aGaldós y el arte de la novela europea
_b: 1867-1887 /
_cStephen Gilman ; versión castellana de Bernardo Moreno Carrillo.
260 _aMadrid :
_bTaurus,
_c1985.
300 _a395 p. ;
_c21 cm.
490 1 _aPersiles ;
_v157
500 _aIndices.
504 _aBibliografía.
600 1 4 _aPérez Galdós, Benito,
_d1843-1920-
_xCrítica e interpretación
_990875
700 1 _aMoreno Carrillo, Bernardo.
_983341
830 0 0 _aPersiles ;
_v157
_9236720
852 _aES-MaACL
_jB-190
_bR.111166
942 _2udc
999 _c72167
_d72167